Wave optics / (Record no. 63656)
[ view plain ]
| 000 -LEADER | |
|---|---|
| fixed length control field | 00818nam a22002537a 4500 |
| 005 - DATE AND TIME OF LATEST TRANSACTION | |
| control field | 20130924151455.0 |
| 010 ## - LCCN (DPL NO) | |
| LC control number | ENG-104846 |
| 020 ## - INTERNATIONAL STANDARD BOOK NUMBER | |
| International Standard Book Number | 9788120345003 |
| Terms of availability | 325.00 |
| 035 ## - SYSTEM CONTROL NUMBER | |
| System control number | EN-88379 |
| 035 ## - SYSTEM CONTROL NUMBER | |
| System control number | B-492027 |
| 037 ## - SOURCE OF ACQUISITION | |
| Source of stock number/acquisition | DBAD / PUB |
| 037 ## - SOURCE OF ACQUISITION | |
| Source of stock number/acquisition | Virtuous Pub/Ven |
| 082 ## - DEWEY DECIMAL CLASSIFICATION NUMBER | |
| Classification number | 535.13 |
| 100 ## - MAIN ENTRY--PERSONAL NAME | |
| Personal name | Garg, Suresh |
| 245 ## - TITLE STATEMENT | |
| Title | Wave optics / |
| Statement of responsibility, etc | by Suresh Garg, Sanjay Gupta [and] C.K. Ghosh |
| 260 ## - PUBLICATION, DISTRIBUTION, ETC. (IMPRINT) | |
| Place of publication, distribution, etc | New Delhi |
| Name of publisher, distributor, etc | PHI Learning |
| Date of publication, distribution, etc | 2012 |
| 270 ## - ADDRESS | |
| Address | M-97, Connaught Circus, |
| City | New Delhi |
| Postal code | 110001 |
| 300 ## - PHYSICAL DESCRIPTION | |
| Extent | xiv,394p. : |
| Dimensions | 24cm (pbk) |
| Other physical details | ill. |
| 500 ## - GENERAL NOTE | |
| General note | Includes index |
| 700 ## - ADDED ENTRY--PERSONAL NAME | |
| Personal name | Gupta, Sanjay |
| 9 (RLIN) | 43282 |
| 700 ## - ADDED ENTRY--PERSONAL NAME | |
| Personal name | Ghosh, C.K. |
| 9 (RLIN) | 43295 |
| 942 ## - ADDED ENTRY ELEMENTS (KOHA) | |
| Source of classification or shelving scheme | Dewey Decimal Classification |
| Item type | English Books |
| Call number suffix | GAR |
| Classification part | 535.13 |
| Withdrawn status | Lost status | Not for loan | Collection code | Home library | Current library | Date acquired | Source of acquisition | Cost, normal purchase price | Full call number | Barcode | Copy number | Cost, replacement price | Koha item type |
|---|---|---|---|---|---|---|---|---|---|---|---|---|---|
| Not For Loan | Non-fiction | Diz Area | D.B.Act.Division | 01/03/2012 | DBAD/PUB | 325.00 | 535.13 GAR | EN-88379 | 1 | 325.00 | English Books | ||
| Non-fiction | Sarojini Nagar | Sarojini Nagar | 24/09/2013 | Virtuous Pub/IN 1304/17.01.13/130/18.12.12/23.01.13 | 325.00 | 535.13 GAR | B-492027 | 1 | 325.00 | English Books |
